| 000 | 00739nam a2200217Ia 4500 | ||
|---|---|---|---|
| 003 | GCL | ||
| 008 | 140319s9999 xx 000 0 ara d | ||
| 040 |
_aGCL / _cGCL |
||
| 082 | 0 | 4 |
_a338.9 _bل ش |
| 100 | 1 | _aلطفى الخولى | |
| 245 | 1 | 0 |
_aالشرق اوسطية?: هل هى الخيارالوحيد / _cلطفى الخولى |
| 700 | 1 | _aاسامة الغزالى حرب | |
| 700 | 1 | _aلطفى الخورى | |
| 700 | 1 | _aسلامة احمد سلامة | |
| 300 | _a190 ص | ||
| 490 |
_aالهيئة العامة للاستعلامات _v0 |
||
| 650 | 0 | 4 | _aالنزاع العربى الاسرائيلى |
| 650 | 0 | 4 | _aالتكتلات الاقتصادية |
| 650 | 0 | 4 | _aالسوق الشرق اوسطية |
| 942 |
_2ddc _cBK |
||
| 999 |
_c47985 _d47985 |
||